ARRUPE JESUIT UNIVERSITY

CORONAVIRUS -STOP THE SPREAD - CLEAN,DISINFECT,COVER

Fountains Abbey and its benefactors, 1132-1300 / (Record no. 119790)

MARC details
000 -LEADER
fixed length control field 01172cam a2200313 a 4500
001 - CONTROL NUMBER
control field 1932429
003 - CONTROL NUMBER IDENTIFIER
control field ARRUPE
005 - DATE AND TIME OF LATEST TRANSACTION
control field 20140130143134.0
008 - FIXED-LENGTH DATA ELEMENTS--GENERAL INFORMATION
fixed length control field 860313s1987 miub b 001 0 eng
010 ## - LIBRARY OF CONGRESS CONTROL NUMBER
LC control number 86006849
020 ## - INTERNATIONAL STANDARD BOOK NUMBER
International Standard Book Number 087907891X
040 ## - CATALOGING SOURCE
Original cataloging agency DLC
Transcribing agency DLC
Modifying agency DLC
043 ## - GEOGRAPHIC AREA CODE
Geographic area code e-uk-en
050 00 - LIBRARY OF CONGRESS CALL NUMBER
Classification number BX2596.F7
Item number W37 1986
082 00 - DEWEY DECIMAL CLASSIFICATION NUMBER
Classification number 333.3/22/0942842
Edition number 19
300 ## - PHYSICAL DESCRIPTION
Other physical details map ;
Dimensions 23 cm.
100 1# - MAIN ENTRY--PERSONAL NAME
Personal name Wardrop, Joan.
9 (RLIN) 7394
245 10 - TITLE STATEMENT
Title Fountains Abbey and its benefactors, 1132-1300 /
Statement of responsibility, etc by Joan Wardrop.
260 ## - PUBLICATION, DISTRIBUTION, ETC. (IMPRINT)
Place of publication, distribution, etc Kalamazoo :
Name of publisher, distributor, etc Cistercian Publications,
Date of publication, distribution, etc 1986.
300 ## - PHYSICAL DESCRIPTION
Extent viii, 314 p. :
440 #0 - SERIES STATEMENT/ADDED ENTRY--TITLE
Title Cistercian studies series ;
Volume number/sequential designation no. 91
9 (RLIN) 7395
500 ## - GENERAL NOTE
General note Includes index.
504 ## - BIBLIOGRAPHY, ETC. NOTE
Bibliography, etc Bibliography: p. 285-298.
610 20 - SUBJECT ADDED ENTRY--CORPORATE NAME
Corporate name or jurisdiction name as entry element Fountains Abbey (West Riding of Yorkshire, England)
General subdivision History.
9 (RLIN) 7396
650 #0 - SUBJECT ADDED ENTRY--TOPICAL TERM
Topical term or geographic name as entry element Monasticism and religious orders
Geographic subdivision England
-- West Riding of Yorkshire
General subdivision History
Chronological subdivision Middle Ages, 600-1500.
9 (RLIN) 7397
650 #0 - SUBJECT ADDED ENTRY--TOPICAL TERM
Topical term or geographic name as entry element Church property
Geographic subdivision England
-- West Riding of Yorkshire
General subdivision History.
9 (RLIN) 7398
651 #0 - SUBJECT ADDED ENTRY--GEOGRAPHIC NAME
Geographic name West Riding of Yorkshire (England)
General subdivision Church history.
9 (RLIN) 7399
906 ## - LOCAL DATA ELEMENT F, LDF (RLIN)
a 7
b cbc
c orignew
d 1
e ocip
f 19
g y-gencatlg
942 ## - ADDED ENTRY ELEMENTS (KOHA)
Source of classification or shelving scheme Library of Congress Classification
Koha item type Monograph ( Printed materials)
Holdings
Withdrawn status Lost status Source of classification or shelving scheme Damaged status Not for loan Collection code Home library Current library Shelving location Date acquired Total Checkouts Full call number Barcode Date last seen Price effective from Koha item type
    Library of Congress Classification     Main Collection ARRUPE LIBRARY ARRUPE LIBRARY Main Collection 30/01/2014   BX2596.F7 W37 1986 464123756 22/11/2017 30/01/2014 Monograph ( Printed materials)

 

Arrupe Library. PO Box MP320 Mt Pleasant, Harare, Zimbabwe
263 242 745411|librarian@aju.ac.zw